000 00429nam a2200157 4500
001 125887
003 ES-MaACL
005 20230906192721.0
007 t|
008 070214s1932 sp r ||||1| spa d
110 1 _aEspaña.
_bMinisterio de Estado.
_93866
245 1 0 _aReglamento de la Orden de la República.
260 _aMadrid :
_bMinisterio de Estado,
_c1932.
300 _a11 p. ;
_c19 cm.
852 _aES-MaACL
_jC-7020
999 _c125887
_d125887